Normal view MARC view
  • América

Entry Nombre Geográfico

Number of records used in: 4

001 - NÚMERO DE CONTROL

  • campo de control: 2328

003 - IDENTIFICADOR DE NUMERO DE CONTROL

  • campo de control: UPN

005 - FECHA Y HORA DE LA ÜLTIMA TRANSACCIÓN

  • campo de control: 20220904190559.0

008 - DATOS DE LONGITUD FIJA

  • campo de control de longitud fija: 220904nn acannaabn n ana d

035 ## - NÚMERO DE CONTROL

  • Número de control: UPN10000002328

040 ## - FUENTE DE CATALOGACIÓN

  • Lenguaje de catalogación: SPA
  • Agencia de transcripción: UPN
  • Agencia de catalogación original: UPN

151 ## - ENCABEZAMIENTO - NOMBRE GEOGRÁFICO

  • Nombre geográfico: América
  • Subdivisión general : Antigüedades

670 ## - FUENTE EN LA QUE SE LOCALIZARON DATOS

  • Cita de la fuente: E

902 ## - CATALOGADOR

  • Catalogador: CAA/090500